[Event "Stuttgarter Stadtmeisterschaft A-Turnie"]
[Site "Ditzingen"]
[Date "2009.05.23"]
[Round "5.21"]
[White "Kunze, Holger"]
[Black "Heining, Thomas"]
[Result "1/2-1/2"]
[WhiteElo "2174"]
[BlackElo "2074"]
[PlyCount "63"]
[EventDate "2009.??.??"]
[WhiteTeam "FC Bayern München e.V."]
[BlackTeam "SV Untertürkheim e.V."]

1. d4 Nf6 2. Nf3 g6 3. c4 Bg7 4. Nc3 O-O 5. e4 d6 6. h3 e5 7. d5 a5 8. Bg5 h6
9. Be3 Na6 10. Be2 Nc5 11. Nd2 Ne8 12. g4 f5 13. gxf5 gxf5 14. Bxc5 dxc5 15.
exf5 Bxf5 16. Nde4 Qh4 17. Bg4 Nd6 18. Ng3 e4 19. Qe2 e3 20. O-O-O Rae8 21.
Nxf5 Nxf5 22. Bxf5 Rxf5 23. fxe3 Qg5 24. h4 Qxe3+ 25. Qxe3 Rxe3 26. Nb5 Be5 27.
Rhg1+ Kh7 28. d6 cxd6 29. Nxd6 Rf2 30. Nf5 Rxf5 31. Rd7+ Kh8 32. Rd8+ 1/2-1/2

[Event "Stuttgarter Stadtmeisterschaft A-Turnie"]
[Site "Ditzingen"]
[Date "2009.05.23"]
[Round "5.22"]
[White "Fiderer, Lukas"]
[Black "Steinhart, Christoph"]
[Result "1-0"]
[WhiteElo "2153"]
[BlackElo "2013"]
[PlyCount "52"]
[EventDate "2009.??.??"]
[WhiteTeam "OSC - SG Baden-Baden 1922 e.V."]
[BlackTeam "SC Leinfelden"]

1. e4 c5 2. Nf3 d6 3. d4 cxd4 4. Nxd4 Nf6 5. Nc3 a6 6. Be2 e6 7. O-O Be7 8. f4
Qc7 9. Be3 b5 10. Bf3 Bb7 11. e5 dxe5 12. fxe5 Nfd7 13. Bxb7 Qxb7 14. Qg4 g6
15. Rxf7 Nxe5 16. Rxe7+ Qxe7 17. Qe4 Ra7 18. Qxe5 O-O 19. Nxe6 Nc6 20. Qd5 Nb4
21. Qb3 Rf7 22. Bxa7 Qxa7+ 23. Kh1 Qf2 24. Ng5 Nxc2 25. Qxf7+ Qxf7 26. Nxf7
Nxa1 1-0

[Event "Stuttgarter Stadtmeisterschaft A-Turnie"]
[Site "Ditzingen"]
[Date "2009.05.23"]
[Round "5.23"]
[White "Schömbs, Oliver"]
[Black "Reck, Moritz"]
[Result "1/2-1/2"]
[WhiteElo "1808"]
[BlackElo "2149"]
[PlyCount "106"]
[EventDate "2009.??.??"]
[WhiteTeam "SC Ingersheim e.V."]
[BlackTeam "SK Bebenhausen 1992"]

1. d4 g6 2. e4 Bg7 3. c4 d6 4. Nc3 Nc6 5. Be3 e5 6. Nge2 f5 7. f3 Nf6 8. Qd2
O-O 9. d5 Ne7 10. Bh6 a6 11. h4 Bxh6 12. Qxh6 fxe4 13. Nxe4 Nf5 14. Nxf6+ Qxf6
15. Qg5 Qxg5 16. hxg5 Ne3 17. Rc1 Rf5 18. Nc3 Nxf1 19. Kxf1 Rxg5 20. g4 Bxg4
21. fxg4 Rf8+ 22. Ke1 Rxg4 23. Ne2 b6 24. b4 h5 25. Rc3 Kg7 26. a3 Kh6 27. Rf1
Rxf1+ 28. Kxf1 h4 29. c5 bxc5 30. bxc5 dxc5 31. Ng1 c4 32. Kf2 Kg5 33. Rf3 Rd4
34. Rc3 Rxd5 35. Rxc4 Rd2+ 36. Ke3 Rd6 37. Nf3+ Kf6 38. Nxh4 g5 39. Nf3 Rb6 40.
Nd2 c6 41. a4 Kf5 42. Ne4 a5 43. Nd6+ Ke6 44. Ne4 Rb3+ 45. Nc3 Kd6 46. Kd2 c5
47. Rg4 Rb4 48. Rxg5 c4 49. Kc2 Rb7 50. Rg6+ Kc5 51. Ra6 Kb4 52. Re6 Rh7 53.
Rb6+ Ka3 1/2-1/2

[Event "Stuttgarter Stadtmeisterschaft A-Turnie"]
[Site "Ditzingen"]
[Date "2009.05.23"]
[Round "5.24"]
[White "Meyner, Hannes"]
[Black "Lebeda, Timo"]
[Result "1/2-1/2"]
[WhiteElo "2122"]
[BlackElo "1942"]
[PlyCount "120"]
[EventDate "2009.??.??"]
[WhiteTeam "SC Turm Lüneburg e.V."]
[BlackTeam "SAbt VFB Reichenbach"]

1. d4 d5 2. c4 c6 3. Nf3 Nf6 4. Qc2 a6 5. g3 g6 6. Bg2 Bg7 7. O-O O-O 8. Bf4
Bf5 9. Qb3 b5 10. cxb5 cxb5 11. a4 bxa4 12. Qb7 Nbd7 13. Rxa4 Qb6 14. Rb4 Qxb7
15. Rxb7 Rfc8 16. Nc3 Rc6 17. Ne5 Rb6 18. Nxd5 Nxd5 19. Bxd5 Rxb7 20. Bxb7 Rb8
21. Bxa6 Nxe5 22. dxe5 Rxb2 23. Rd1 Rb1 24. Rxb1 Bxb1 25. Bc4 Bf5 26. f3 h6 27.
g4 Bd7 28. Kf2 Kf8 29. e4 e6 30. Ke3 Ke7 31. Kd4 Ba4 32. Be2 Kd7 33. h4 Kc6 34.
Be3 Bf8 35. Kc3 Bb5 36. Bc4 Be7 37. h5 gxh5 38. gxh5 Bxc4 39. Kxc4 Bf8 40. Bd4
Ba3 41. Be3 Bf8 42. Bd2 Bg7 43. Bc3 Bf8 44. f4 Bc5 45. Bd2 Be7 46. f5 Bf8 47.
f6 Kb6 48. Bc1 Kc6 49. Be3 Kb7 50. Kb5 Kc7 51. Bb6+ Kb7 52. Be3 Kc7 53. Bd2 Kb7
54. Ba5 Ba3 55. Bd2 Bf8 56. Be3 Kc7 57. Bc5 Bxc5 58. Kxc5 Kd7 59. Kb6 Kd8 60.
Kc6 Kc8 1/2-1/2

[Event "Stuttgarter Stadtmeisterschaft A-Turnie"]
[Site "Ditzingen"]
[Date "2009.05.23"]
[Round "5.25"]
[White "Jovalekic, Oliver"]
[Black "Gheng, Simona"]
[Result "1-0"]
[WhiteElo "2175"]
[BlackElo "2035"]
[PlyCount "53"]
[EventDate "2009.??.??"]
[WhiteTeam "Sabt SpVgg Rommelshausen"]
[BlackTeam "TSV Heumaden"]

1. e4 c5 2. Nf3 d6 3. Bc4 g6 4. O-O Bg7 5. Re1 Nf6 6. c3 O-O 7. h3 Nc6 8. Bf1
a6 9. a4 Rb8 10. d4 b5 11. Bf4 cxd4 12. axb5 axb5 13. cxd4 Nh5 14. Bg5 Re8 15.
Na3 Ba6 16. Rc1 Qb6 17. Be3 Qb7 18. g4 b4 19. Nc4 Bxc4 20. Bxc4 Nf6 21. e5 dxe5
22. dxe5 Red8 23. Qa4 Nd7 24. Bd5 Nb6 25. Bxb6 Rxd5 26. Rxc6 Rb5 27. Qxb5 1-0

[Event "Stuttgarter Stadtmeisterschaft A-Turnie"]
[Site "Ditzingen"]
[Date "2009.05.23"]
[Round "5.26"]
[White "Guballa, Jens"]
[Black "Baumstark, Thomas"]
[Result "1-0"]
[WhiteElo "2033"]
[BlackElo "2163"]
[PlyCount "91"]
[EventDate "2009.??.??"]
[WhiteTeam "SC Tamm 74"]
[BlackTeam "Schachclub Feuerbach e. V."]

1. d4 Nf6 2. Nf3 g6 3. c4 Bg7 4. Nc3 O-O 5. e4 d6 6. Be2 e5 7. Be3 Ng4 8. Bg5
f6 9. Bh4 g5 10. Bg3 Nh6 11. Qd2 Nc6 12. dxe5 dxe5 13. Nd5 Be6 14. O-O-O g4 15.
Ne1 Nd4 16. Nc2 c5 17. f4 gxf3 18. gxf3 f5 19. Nxd4 cxd4 20. Bxe5 Bxe5 21. Qxh6
Bxd5 22. exd5 Qf6 23. Qxf6 Bxf6 24. Bd3 Bg5+ 25. Kc2 Be3 26. Rhe1 Rac8 27. b4
b6 28. Re2 a5 29. a3 axb4 30. axb4 Ra8 31. Kb3 Rf7 32. Ra2 Rxa2 33. Kxa2 Kg7
34. Kb3 Bf4 35. c5 Rc7 36. Kc4 bxc5 37. bxc5 Bd6 38. c6 Kf6 39. Re1 Re7 40.
Rxe7 Kxe7 41. h3 h6 42. Bxf5 Be5 43. Kc5 Bd6+ 44. Kxd4 Kf6 45. Ke4 Kg5 46. f4+
1-0

[Event "Stuttgarter Stadtmeisterschaft A-Turnie"]
[Site "Ditzingen"]
[Date "2009.05.23"]
[Round "5.27"]
[White "Schäfer, Alexander"]
[Black "Daubenfeld, Gilles"]
[Result "1/2-1/2"]
[WhiteElo "2007"]
[BlackElo "2151"]
[PlyCount "22"]
[EventDate "2009.??.??"]
[WhiteTeam "SC Tamm 74"]
[BlackTeam "SG Trier"]

1. e4 c5 2. Nf3 d6 3. d4 cxd4 4. Nxd4 Nf6 5. Nc3 a6 6. h3 e6 7. g4 d5 8. Bg2
dxe4 9. Nxe4 Nxe4 10. Bxe4 e5 11. Nb3 Qxd1+ 1/2-1/2

[Event "Stuttgarter Stadtmeisterschaft A-Turnie"]
[Site "Ditzingen"]
[Date "2009.05.23"]
[Round "5.28"]
[White "Kaplunov, Vadym"]
[Black "Lange, Jan-David"]
[Result "0-1"]
[WhiteElo "1953"]
[BlackElo "2122"]
[PlyCount "50"]
[EventDate "2009.??.??"]
[WhiteTeam "Stuttgarter SF 1879"]
[BlackTeam "SC Tamm 74"]

1. c4 Nf6 2. Nc3 g6 3. g3 Bg7 4. Bg2 O-O 5. d4 d6 6. e4 c6 7. Nge2 e5 8. O-O
Qe7 9. h3 Nh5 10. Be3 f5 11. Qd2 Qf7 12. f4 exf4 13. gxf4 Qxc4 14. Rac1 Qf7 15.
e5 dxe5 16. fxe5 Be6 17. d5 cxd5 18. Nxd5 Nc6 19. Nef4 Nxf4 20. Nxf4 Rad8 21.
Qf2 Bxa2 22. Rfe1 Nxe5 23. Red1 g5 24. Rxd8 Rxd8 25. Rc7 Qxc7 0-1

[Event "Stuttgarter Stadtmeisterschaft A-Turnie"]
[Site "Ditzingen"]
[Date "2009.05.23"]
[Round "5.29"]
[White "Nagelsdiek, Michael"]
[Black "Wenninger, Philipp"]
[Result "1/2-1/2"]
[WhiteElo "2120"]
[BlackElo "1984"]
[PlyCount "86"]
[EventDate "2009.??.??"]
[WhiteTeam "SF Pfullingen"]
[BlackTeam "Heilbronner SV"]

1. d4 Nf6 2. Nf3 e6 3. Bf4 d5 4. e3 c5 5. c3 Nc6 6. Nbd2 Be7 7. Bd3 O-O 8. Ne5
Bd7 9. O-O Qb6 10. Rb1 Rac8 11. Qe2 cxd4 12. exd4 Nxe5 13. Bxe5 a6 14. Rfe1 Bb5
15. Bxb5 Qxb5 16. Qxb5 axb5 17. Bxf6 gxf6 18. a3 h6 19. f4 f5 20. Nf3 Bd6 21.
g3 Kh7 22. Kf2 Kg6 23. Ne5+ Bxe5 24. fxe5 h5 25. Kf3 Kh6 26. h3 Rg8 27. Rg1 Rg5
28. Rg2 Rcg8 29. Rbg1 R8g6 30. g4 fxg4+ 31. hxg4 hxg4+ 32. Rxg4 Rxg4 33. Rxg4
Rxg4 34. Kxg4 Kg6 35. Kf4 f5 36. exf6 Kxf6 37. b3 b6 38. b4 e5+ 39. dxe5+ Ke6
40. Ke3 Kxe5 41. Kd3 Ke6 42. Kd4 Kd6 43. Ke3 Ke5 1/2-1/2

[Event "Stuttgarter Stadtmeisterschaft A-Turnie"]
[Site "Ditzingen"]
[Date "2009.05.23"]
[Round "5.30"]
[White "Bräunlin, Klaus"]
[Black "Löwe, Joachim"]
[Result "1-0"]
[WhiteElo "2109"]
[BlackElo "1930"]
[PlyCount "115"]
[EventDate "2009.??.??"]
[WhiteTeam "SGEM Dreisamtal"]
[BlackTeam "SK Schmiden/Cannstatt"]

1. e4 Nf6 2. Nc3 e5 3. d3 Bb4 4. a3 Ba5 5. Bg5 c6 6. Nf3 O-O 7. Be2 Re8 8. O-O
d6 9. b4 Bc7 10. Bh4 Bg4 11. Nd2 Bxe2 12. Nxe2 Nbd7 13. c4 Bb6 14. Nb3 Nf8 15.
Kh1 Ng6 16. Bg3 Qe7 17. Rc1 Rad8 18. Qc2 Ng4 19. h3 Nh6 20. Rce1 f5 21. exf5
Nxf5 22. Bh2 Qh4 23. Ng3 Rf8 24. Re4 Nxg3+ 25. Bxg3 Qxg3 26. c5 Qg5 27. cxb6
axb6 28. Rg4 Qh5 29. Nd2 Rf4 30. Rxf4 Nxf4 31. Ne4 d5 32. Ng3 Qg6 33. Qd1 h5
34. Rg1 h4 35. Nf1 Nxd3 36. Qe2 Rf8 37. f3 Ra8 38. b5 Rxa3 39. Ne3 Rb3 40. Ng4
Qf5 41. bxc6 bxc6 42. Qc2 Rb2 43. Qxc6 d4 44. Qe8+ Kh7 45. Qe7 Kg6 46. Qxh4 Qg5
47. Qh8 Nf2+ 48. Nxf2 Rxf2 49. Qa8 Qf4 50. Rb1 Kh7 51. Qe8 Qf5 52. Re1 d3 53.
Re4 Qg5 54. Rg4 Qf6 55. Qh5+ Qh6 56. Qf5+ g6 57. Qf7+ Qg7 58. Rh4# 1-0

[Event "Stuttgarter Stadtmeisterschaft A-Turnie"]
[Site "Ditzingen"]
[Date "2009.05.23"]
[Round "5.31"]
[White "Jurasin, Marin"]
[Black "Fingerhut, Armin"]
[Result "1/2-1/2"]
[WhiteElo "2105"]
[BlackElo "1961"]
[PlyCount "54"]
[EventDate "2009.??.??"]
[WhiteTeam "SG Schönbuch"]
[BlackTeam "Vorw.Orient Mainz"]

1. Nf3 d5 2. c4 e6 3. d4 Nf6 4. Bg5 Be7 5. Nc3 O-O 6. e3 h6 7. Bh4 b6 8. cxd5
Nxd5 9. Bxe7 Qxe7 10. Rc1 Bb7 11. Bc4 Nxc3 12. bxc3 c5 13. O-O Nc6 14. Qe2 Rfc8
15. e4 cxd4 16. cxd4 Na5 17. Bd3 Qa3 18. Rcd1 Rc7 19. h4 Rac8 20. g4 Qd6 21.
Qe3 Nc4 22. Bxc4 Rxc4 23. Rd3 Rc2 24. Ra3 Bxe4 25. Rxa7 Bxf3 26. Qxf3 R2c7 27.
Rxc7 Rxc7 1/2-1/2

[Event "Stuttgarter Stadtmeisterschaft A-Turnie"]
[Site "Ditzingen"]
[Date "2009.05.23"]
[Round "5.32"]
[White "Scherer, Holger"]
[Black "Rudhart, Michael"]
[Result "1/2-1/2"]
[WhiteElo "2095"]
[BlackElo "1908"]
[PlyCount "60"]
[EventDate "2009.??.??"]
[WhiteTeam "SK Lauffen"]
[BlackTeam "Schachclub Feuerbach e. V."]

1. e4 c5 2. Nf3 e6 3. c4 Nc6 4. Nc3 Nf6 5. a3 a6 6. d4 cxd4 7. Nxd4 Qb6 8. Nb3
Na5 9. Nxa5 Qxa5 10. Bd3 d5 11. O-O dxe4 12. Nxe4 Nxe4 13. Bxe4 Qc7 14. Qc2 f5
15. Bd3 Bd6 16. h3 O-O 17. b4 b6 18. Bb2 Bb7 19. Rfe1 Rae8 20. Rac1 Qc6 21. f3
Bf4 22. Rcd1 Qc7 23. Bc1 Bg3 24. Re2 Qf7 25. c5 b5 26. a4 Bc6 27. axb5 axb5 28.
Qa2 Bd5 29. Qa6 Bb3 30. Rf1 Ra8 1/2-1/2

[Event "Stuttgarter Stadtmeisterschaft A-Turnie"]
[Site "Ditzingen"]
[Date "2009.05.23"]
[Round "5.33"]
[White "Schmid, Eugen"]
[Black "Kerpe, Andreas"]
[Result "0-1"]
[WhiteElo "1944"]
[BlackElo "2084"]
[PlyCount "52"]
[EventDate "2009.??.??"]
[WhiteTeam "SV Herrenberg e.V."]
[BlackTeam "SAbt TSF Ditzingen"]

1. d4 f5 2. Nf3 Nf6 3. c4 d6 4. g3 g6 5. Bg2 Bg7 6. O-O O-O 7. Nc3 Qe8 8. d5 a5
9. Rb1 Na6 10. Be3 Bd7 11. Nd4 h6 12. h4 Ng4 13. Bf4 g5 14. hxg5 Bxd4 15. Qxd4
Qh5 16. Rfe1 hxg5 17. Bd2 Nc5 18. e3 Qh2+ 19. Kf1 Nxf2 20. Kxf2 Ne4+ 21. Kf1
Nxg3+ 22. Kf2 Ne4+ 23. Kf1 Nxd2+ 24. Qxd2 f4 25. e4 Bh3 26. Re2 Qh1+ 0-1

[Event "Stuttgarter Stadtmeisterschaft A-Turnie"]
[Site "Ditzingen"]
[Date "2009.05.23"]
[Round "5.34"]
[White "Yin, Zixiao"]
[Black "Jüttner, Andreas"]
[Result "0-1"]
[WhiteElo "1932"]
[BlackElo "2083"]
[PlyCount "72"]
[EventDate "2009.??.??"]
[WhiteTeam "SC Noris Tarrasch Nürnberg"]
[BlackTeam "FC Bayern München e.V."]

1. g3 d5 2. c3 e5 3. Na3 Nf6 4. Bg2 c6 5. Nc2 Bf5 6. d3 h6 7. Nf3 e4 8. Nfd4
Bg6 9. f3 Bc5 10. Be3 Nbd7 11. Qd2 exd3 12. exd3 O-O 13. f4 Ng4 14. O-O Nxe3
15. Qxe3 Re8 16. Qd2 Bf5 17. Kh1 Qf6 18. Nxf5 Qxf5 19. d4 Bd6 20. Ne3 Qg6 21.
Rae1 Nf6 22. Bf3 Ne4 23. Qg2 f5 24. Qh3 Rf8 25. Bxe4 dxe4 26. Nc4 Rad8 27. Nxd6
Rxd6 28. Qh4 Qe6 29. a3 Rd7 30. Rg1 c5 31. dxc5 Rd2 32. b4 e3 33. Qh3 Qe4+ 34.
Rg2 Rfd8 35. g4 Rd1 36. Qg3 R8d2 0-1

[Event "Stuttgarter Stadtmeisterschaft A-Turnie"]
[Site "Ditzingen"]
[Date "2009.05.23"]
[Round "5.35"]
[White "Feller, Florian"]
[Black "Büter, Norbert"]
[Result "0-1"]
[WhiteElo "1836"]
[BlackElo "2074"]
[PlyCount "161"]
[EventDate "2009.??.??"]
[WhiteTeam "SGem Vaihingen-Rohr"]
[BlackTeam "Sabt SpVgg Rommelshausen"]

1. Nf3 Nf6 2. c4 d6 3. g3 g6 4. Bg2 Bg7 5. Nc3 O-O 6. O-O c6 7. d3 e5 8. e4 Na6
9. a3 h6 10. b4 Be6 11. Qc2 Qc7 12. Bb2 Nd7 13. Nh4 Qd8 14. Ne2 Bg4 15. h3 Bh5
16. f4 Bf6 17. Nf3 g5 18. g4 Bg6 19. f5 Bh7 20. Bc1 Be7 21. h4 Nc7 22. hxg5
hxg5 23. Qd2 f6 24. Ng3 Kf7 25. Nh5 Rh8 26. Qa2 Bg8 27. Kf2 Kf8 28. Rh1 d5 29.
Qc2 Bf7 30. Nxf6 Bxf6 31. Rxh8+ Bxh8 32. Bxg5 Bf6 33. Bh6+ Bg7 34. Bxg7+ Kxg7
35. Rh1 dxe4 36. dxe4 Qe7 37. g5 Rh8 38. f6+ Nxf6 39. gxf6+ Qxf6 40. Rxh8 Kxh8
41. Qc3 Kg7 42. Qxe5 Qxe5 43. Nxe5 Be6 44. Bf3 Kf6 45. Ng4+ Bxg4 46. Bxg4 Ke5
47. Ke3 c5 48. Bc8 b6 49. bxc5 bxc5 50. Bd7 Na6 51. Bc6 Nc7 52. Bd5 Ne8 53. Kd3
Nf6 54. Bb7 Ng4 55. Bd5 Nf2+ 56. Ke2 Nxe4 57. Kd3 Nf2+ 58. Kc3 Ng4 59. Kd3 Nf6
60. Bc6 Nh5 61. Bh1 Ng7 62. Kc3 Nf5 63. Kd3 Kf4 64. Bc6 Nd4 65. Bd5 Nf3 66. Bb7
Ne5+ 67. Kc3 Ke3 68. Bd5 Ng6 69. Bc6 Nf4 70. Bd5 Ne2+ 71. Kb3 Kd4 72. Kc2 Nc3
73. Bg8 Na4 74. Bf7 Nb6 75. Kb3 Nc8 76. Bg8 Nd6 77. Be6 Ne4 78. Bd5 Nd2+ 79.
Kc2 Nxc4 80. Bxc4 Kxc4 81. Kd2 0-1

[Event "Stuttgarter Stadtmeisterschaft A-Turnie"]
[Site "Ditzingen"]
[Date "2009.05.23"]
[Round "5.36"]
[White "Pietzka, Martin"]
[Black "Maier, Armin"]
[Result "1/2-1/2"]
[WhiteElo "1846"]
[BlackElo "2066"]
[PlyCount "52"]
[EventDate "2009.??.??"]
[WhiteTeam "SV Nürtingen 1920"]
[BlackTeam "SG Schramberg-Lauterbach"]

1. e4 c5 2. Nf3 Nc6 3. d4 cxd4 4. Nxd4 Nf6 5. Nc3 e5 6. Ndb5 d6 7. Bg5 a6 8.
Na3 b5 9. Bxf6 gxf6 10. Nd5 Bg7 11. c3 Ne7 12. Nxe7 Qxe7 13. Bd3 f5 14. O-O O-O
15. Nc2 f4 16. c4 bxc4 17. Bxc4 Qg5 18. f3 Kh8 19. Nb4 Bf6 20. Nd5 Bd8 21. Qd2
Rb8 22. b4 Be6 23. Kh1 Rg8 24. a3 Rg6 25. g3 Bxd5 26. Bxd5 Qf6 1/2-1/2

[Event "Stuttgarter Stadtmeisterschaft A-Turnie"]
[Site "Ditzingen"]
[Date "2009.05.23"]
[Round "5.37"]
[White "Steinbach, Peter"]
[Black "Leroy, Patrick"]
[Result "1-0"]
[WhiteElo "2060"]
[BlackElo "1900"]
[PlyCount "81"]
[EventDate "2009.??.??"]
[WhiteTeam "SV Crailsheim"]

1. d4 g6 2. c4 Bg7 3. Nc3 Nf6 4. e4 d6 5. Nf3 O-O 6. Be2 Nc6 7. d5 Nb4 8. a3
Na6 9. Qc2 c6 10. Rb1 cxd5 11. cxd5 Nc5 12. Nd2 Ng4 13. b4 Bxc3 14. Qxc3 Na4
15. Qb3 b5 16. O-O Qc7 17. Bb2 Nxb2 18. Qxb2 a6 19. Rbc1 Qb6 20. Rc6 Qd8 21.
Rfc1 Ne5 22. R6c2 Bd7 23. Qd4 Rc8 24. Rxc8 Bxc8 25. f4 Nd7 26. Nb3 Nf6 27. Na5
Re8 28. Nc6 Qd7 29. Bf3 Qb7 30. Na5 Qd7 31. h3 h5 32. e5 dxe5 33. fxe5 Nh7 34.
d6 Ng5 35. Bc6 Qf5 36. Rf1 Qc2 37. d7 Bxd7 38. Qxd7 Rf8 39. Qxe7 Qd2 40. Qf6
Qe3+ 41. Kh2 1-0

[Event "Stuttgarter Stadtmeisterschaft A-Turnie"]
[Site "Ditzingen"]
[Date "2009.05.23"]
[Round "5.38"]
[White "Keller, Harald"]
[Black "Zimmermann, Ulrich"]
[Result "1-0"]
[WhiteElo "2053"]
[BlackElo "1891"]
[PlyCount "67"]
[EventDate "2009.??.??"]
[WhiteTeam "SV Rottweil"]
[BlackTeam "SK Bebenhausen 1992"]

1. e4 Nf6 2. Nc3 d5 3. exd5 Nxd5 4. Bc4 Nb6 5. Bb3 c5 6. d3 Nc6 7. Nf3 Bf5 8.
Bf4 e6 9. O-O a6 10. a4 Nd4 11. Nxd4 cxd4 12. Ne2 Be7 13. a5 Nd5 14. Ba4+ Kf8
15. Be5 Bf6 16. Bxd4 Bxd4 17. Nxd4 Qg5 18. Qf3 Bg4 19. Qg3 Nf6 20. Bb3 Nh5 21.
Qd6+ Kg8 22. f4 Qg6 23. Qe5 Rd8 24. f5 Qg5 25. Nxe6 Qe7 26. Qc5 Qh4 27. Nxd8
Qxd8 28. Rae1 h6 29. Re7 Kh7 30. Bxf7 Nf6 31. Bg6+ Kg8 32. Qc4+ Nd5 33. Qxd5+
Qxd5 34. Re8# 1-0

[Event "Stuttgarter Stadtmeisterschaft A-Turnie"]
[Site "Ditzingen"]
[Date "2009.05.23"]
[Round "5.40"]
[White "Rempeli, Alex"]
[Black "Schuster, Gerhard"]
[Result "0-1"]
[WhiteElo "1764"]
[BlackElo "2038"]
[PlyCount "51"]
[EventDate "2009.??.??"]
[WhiteTeam "SF Deizisau"]
[BlackTeam "Schachclub Feuerbach e. V."]

1. d4 Nf6 2. c4 e6 3. Nc3 Bb4 4. e3 c5 5. Nge2 d5 6. a3 cxd4 7. exd4 Be7 8. Nf4
Nc6 9. Be3 dxc4 10. Bxc4 O-O 11. d5 exd5 12. Ncxd5 Nxd5 13. Nxd5 Bg5 14. O-O
Be6 15. f4 Bf6 16. Nxf6+ Qxf6 17. Bxe6 Qxe6 18. Rf3 Rfd8 19. Qf1 Nd4 20. Bxd4
Rxd4 21. Re1 Qf6 22. Qb5 g6 23. Qxb7 Rad8 24. f5 R4d7 25. fxg6 Qd4+ 26. Rf2 0-1

[Event "Stuttgarter Stadtmeisterschaft A-Turnie"]
[Site "Ditzingen"]
[Date "2009.05.23"]
[Round "5.41"]
[White "Junginger, Andreas"]
[Black "Günthner, Arthur"]
[Result "0-1"]
[WhiteElo "2044"]
[BlackElo "1771"]
[PlyCount "50"]
[EventDate "2009.??.??"]
[WhiteTeam "SV Reutlingen"]
[BlackTeam "Mönchfelder SV 1967"]

1. e4 d6 2. d4 Nf6 3. Bd3 e5 4. Ne2 Nbd7 5. O-O Be7 6. f4 c6 7. Kh1 O-O 8. c3
Re8 9. Nd2 Bf8 10. Nf3 exd4 11. Ng3 dxc3 12. e5 dxe5 13. fxe5 Nc5 14. exf6 Nxd3
15. Bg5 gxf6 16. Bxf6 Qxf6 17. Qxd3 cxb2 18. Rab1 Qg6 19. Qc4 Be6 20. Qf4 Bg7
21. Ng5 Bxa2 22. Nf5 Bxb1 23. Nxg7 Kxg7 24. Qd4+ Kg8 25. Nxf7 Qxf7 0-1

[Event "Stuttgarter Stadtmeisterschaft A-Turnie"]
[Site "Ditzingen"]
[Date "2009.05.23"]
[Round "5.42"]
[White "Schnepel, Thomas"]
[Black "Höschele, Hans-Ulrich"]
[Result "1-0"]
[WhiteElo "1982"]
[BlackElo "2174"]
[PlyCount "84"]
[EventDate "2009.??.??"]
[WhiteTeam "SC Pforzheim 1906"]
[BlackTeam "Stuttgarter SF 1879"]

1. e4 c6 2. d4 d5 3. e5 e6 4. Nf3 c5 5. c3 Nc6 6. Bd3 cxd4 7. cxd4 Bb4+ 8. Nc3
f5 9. O-O a6 10. Ne2 Be7 11. Ng3 g6 12. a3 h5 13. b4 Bd7 14. Be3 Nh6 15. Ne2
Kf8 16. Nf4 Kg7 17. Rc1 Nf7 18. Nd2 h4 19. Nb3 g5 20. Nh3 Qe8 21. Nc5 Ncd8 22.
Qe2 f4 23. Bxf4 gxf4 24. Qg4+ Kf8 25. Nxf4 Nh6 26. Ncxe6+ Bxe6 27. Nxe6+ Nxe6
28. Qxe6 Qf7 29. Qd7 h3 30. Qxh3 Qf4 31. Rc8+ Rxc8 32. Qxc8+ Kg7 33. Qxb7 Nf7
34. h3 Qxd4 35. Qxe7 Qxe5 36. Qxe5+ Nxe5 37. Bxa6 Ra8 38. b5 d4 39. Rd1 d3 40.
f4 Ng6 41. g3 Rd8 42. b6 Ne7 1-0

[Event "Stuttgarter Stadtmeisterschaft A-Turnie"]
[Site "Ditzingen"]
[Date "2009.05.23"]
[Round "5.44"]
[White "Frühsorger, Dieter"]
[Black "Turski, Tomasz"]
[Result "0-1"]
[WhiteElo "1968"]
[BlackElo "2077"]
[PlyCount "46"]
[EventDate "2009.??.??"]
[WhiteTeam "SK Sontheim/Brenz e.V."]
[BlackTeam "SC Ingersheim e.V."]

1. e4 d6 2. d4 Nf6 3. Nc3 c6 4. f4 g6 5. Bd3 Bg7 6. Nf3 O-O 7. O-O Nbd7 8. Be3
e5 9. f5 Ng4 10. Qd2 Nxe3 11. Qxe3 exd4 12. Nxd4 Qb6 13. Nce2 Ne5 14. f6 Ng4
15. fxg7 Nxe3 16. gxf8=Q+ Kxf8 17. Rf3 Bg4 18. Rxe3 Bxe2 19. Rxe2 Qxd4+ 20. Kh1
Re8 21. Rf1 Qxb2 22. Ref2 Re7 23. Bc4 Qg7 0-1

[Event "Stuttgarter Stadtmeisterschaft A-Turnie"]
[Site "Ditzingen"]
[Date "2009.05.23"]
[Round "5.45"]
[White "White, Herbert"]
[Black "Körber, Thomas"]
[Result "1-0"]
[WhiteElo "1923"]
[BlackElo "2070"]
[PlyCount "50"]
[EventDate "2009.??.??"]
[WhiteTeam "VLK Lampertheim"]
[BlackTeam "SF Fürth"]

1. d4 f5 2. g3 Nf6 3. Bg2 d6 4. Nh3 g6 5. O-O Bg7 6. c3 O-O 7. Qb3+ d5 8. Nf4
e6 9. Nd3 Nbd7 10. Nd2 b6 11. Nf3 Ba6 12. Nf4 Qe7 13. Ng5 c6 14. Ngxe6 Rfc8 15.
Nxg7 Kxg7 16. Re1 g5 17. Nh3 h6 18. Qc2 Qe6 19. Bxg5 hxg5 20. Nxg5 Qe8 21. Qxf5
Qg6 22. Qxg6+ Kxg6 23. h4 Re8 24. e4 dxe4 25. Nxe4 Rac8 1-0

[Event "Stuttgarter Stadtmeisterschaft A-Turnie"]
[Site "Ditzingen"]
[Date "2009.05.23"]
[Round "5.46"]
[White "Boyens, Birger"]
[Black "Pogan, Nikolas"]
[Result "1-0"]
[WhiteElo "1908"]
[BlackElo "2050"]
[PlyCount "120"]
[EventDate "2009.??.??"]
[WhiteTeam "Stuttgarter SF 1879"]
[BlackTeam "SAbt TSV Willsbach"]

1. e4 c6 2. d4 d5 3. e5 Bf5 4. Bd3 Bxd3 5. Qxd3 e6 6. Nf3 Qb6 7. O-O Nd7 8. a4
a5 9. Re1 Ne7 10. Ra3 h5 11. Rb3 Qc7 12. Nc3 Nf5 13. Bg5 Bb4 14. Nh4 Nxh4 15.
Bxh4 Nb6 16. Qg3 g6 17. Ra1 Nc4 18. Qg5 Rb8 19. Ne2 Be7 20. Qxe7+ Qxe7 21. Bxe7
Kxe7 22. Nc3 h4 23. Rd1 h3 24. gxh3 Kd7 25. Rd3 Rh4 26. Kg2 Kc7 27. Rf3 Rf8 28.
Rd3 Rfh8 29. Ne2 R8h7 30. Kf1 g5 31. Ke1 g4 32. hxg4 Rxh2 33. Ng3 Rg7 34. Rf3
Nb6 35. Nh5 Rh7 36. Nf6 Rh8 37. Ra3 Rh1+ 38. Ke2 Rb1 39. b3 Kd8 40. Nh5 Ke7 41.
Rd3 Rg1 42. Rg3 Rh1 43. f4 Rg8 44. Nf6 Rgh8 45. f5 R8h2+ 46. Kd3 Rd1+ 47. Kc3
Rdd2 48. Ra2 c5 49. Rd3 cxd4+ 50. Rxd4 Rdf2 51. fxe6 fxe6 52. Rd3 Rfg2 53. Rf3
Kd8 54. Rf4 Kc7 55. Ne8+ Kc6 56. Rf6 Kc5 57. Nc7 d4+ 58. Kd3 Rh3+ 59. Ke4 Rxg4+
60. Rf4 Re3# 1-0

[Event "Stuttgarter Stadtmeisterschaft A-Turnie"]
[Site "Ditzingen"]
[Date "2009.05.23"]
[Round "5.47"]
[White "Bergner, Philipp"]
[Black "Arounopoulos, Stephan"]
[Result "0-1"]
[WhiteElo "1833"]
[BlackElo "1998"]
[PlyCount "82"]
[EventDate "2009.??.??"]
[WhiteTeam "Mönchfelder SV 1967"]
[BlackTeam "SK e4 Gerlingen"]

1. d4 Nf6 2. c4 g6 3. Nc3 Bg7 4. e4 d6 5. Nge2 O-O 6. Ng3 c5 7. d5 e6 8. Be2
exd5 9. exd5 Re8 10. Bf4 a6 11. Qc2 b5 12. O-O bxc4 13. Bxc4 Nbd7 14. Nce4 Nxe4
15. Nxe4 Ne5 16. Bb3 Rb8 17. Rab1 Bf5 18. Rfe1 Ng4 19. f3 Bd4+ 20. Kf1 Nf2 21.
Ba4 Bxe4 22. Rxe4 Rxe4 23. fxe4 Qf6 24. Bg3 Nxe4+ 25. Ke1 Nxg3 26. hxg3 Qe5+
27. Qe2 Qxg3+ 28. Kd1 Be5 29. Kc2 Rb4 30. Bb3 Rf4 31. Rf1 Rg4 32. Rf2 f5 33.
Qf1 Bd4 34. Re2 Rf4 35. Qe1 Qxe1 36. Rxe1 Rf2+ 37. Kd3 Be5 38. Re2 Rxe2 39.
Kxe2 Bxb2 40. Bc4 a5 41. a4 Kf7 0-1